Premios Searus 1993 (Record no. 13224)

MARC details
000 -LEADER
campo de control de longitud fija 00806nam a2200217 i 4500
001 - NÚMERO DE CONTROL
campo de control 13224
003 - IDENTIFICADOR DE NÚMERO DE CONTROL
campo de control ES-MaACL
005 - FECHA Y HORA DE LA ÚLTIMA TRANSACCIÓN
campo de control 20230906150527.0
007 - CAMPO FIJO DE DESCRIPCIÓN FÍSICA--INFORMACIÓN GENERAL
campo de control de longitud fija t|
008 - DATOS DE LONGITUD FIJA--INFORMACIÓN GENERAL
campo de control de longitud fija 950530s1994 sp a |||| | spa j
080 ## - NÚMERO DE LA CLASIFICACIÓN DECIMAL UNIVERSAL
Número de la Clasificación Decimal Universal 821.134.2-1"19"(082.2)
245 00 - MENCIÓN DEL TÍTULO
Título Premios Searus 1993
Resto del título : XVI Certamen de Poesía /
Mención de responsabilidad, etc. prólogo, Francisco Caballero Galván ; ilustraciones, Emilio Gassin Bohórquez.
260 ## - PUBLICACIÓN, DISTRIBUCIÓN, ETC.
Lugar de publicación, distribución, etc. [Sevilla] :
Nombre del editor, distribuidor, etc. Asociación Cultural Searus :
-- Ateneo de Los Palacios,
Fecha de publicación, distribución, etc. [1994]
300 ## - DESCRIPCIÓN FÍSICA
Extensión 67 p :
Otras características físicas il ;
Dimensiones 17 cm.
650 #4 - PUNTO DE ACCESO ADICIONAL DE MATERIA--TÉRMINO DE MATERIA
Término de materia o nombre geográfico como elemento de entrada Poesías españolas-
Subdivisión cronológica S.XX.
9 (RLIN) 16221
700 1# - ENTRADA AGREGADA--NOMBRE PERSONAL
Nombre de persona Gassin Bohórquez, Emilio.
9 (RLIN) 55914
700 1# - ENTRADA AGREGADA--NOMBRE PERSONAL
Nombre de persona Caballero Galván, Francisco.
9 (RLIN) 33106
710 2# - ENTRADA AGREGADA--NOMBRE DE ENTIDAD CORPORATIVA
Nombre de entidad corporativa o nombre de jurisdicción como elemento de entrada Asociación Cultural Searus.
9 (RLIN) 1547
710 2# - ENTRADA AGREGADA--NOMBRE DE ENTIDAD CORPORATIVA
Nombre de entidad corporativa o nombre de jurisdicción como elemento de entrada Ateneo de Los Palacios (Sevilla)
9 (RLIN) 1873
852 ## - LOCALIZACIÓN
Ubicación ES-MaACL
Número de control de estantería L-20551
Holdings
Estatus retirado Estado de pérdida Estado de daño No para préstamo Biblioteca de origen Biblioteca actual Ubicación en estantería Fecha de adquisición Fuente de adquisición Total de préstamos Signatura topográfica completa Código de barras Visto por última vez Precio de reemplazo Tipo de ítem Koha
        Biblioteca del Ateneo de Madrid Biblioteca del Ateneo de Madrid Depósito 2 17/01/2008     L-20551 1013466 23/02/2023 23/02/2023 Libro impreso